<?xml version="1.0" encoding="UTF-8"?>
<record
    xmlns:xsi="http://www.w3.org/2001/XMLSchema-instance"
    xsi:schemaLocation="http://www.loc.gov/MARC21/slim http://www.loc.gov/standards/marcxml/schema/MARC21slim.xsd"
    xmlns="http://www.loc.gov/MARC21/slim">

  <leader>00653nam a22001937a 4500</leader>
  <controlfield tag="003">GBCCL</controlfield>
  <controlfield tag="005">20251202144852.0</controlfield>
  <controlfield tag="008">251202b        |||||||| |||| 00| 0 eng d</controlfield>
  <datafield tag="020" ind1=" " ind2=" ">
    <subfield code="a">0802474411</subfield>
  </datafield>
  <datafield tag="040" ind1=" " ind2=" ">
    <subfield code="c">GBC</subfield>
  </datafield>
  <datafield tag="082" ind1=" " ind2=" ">
    <subfield code="a">225.52044</subfield>
    <subfield code="b">RYR 1</subfield>
  </datafield>
  <datafield tag="100" ind1=" " ind2=" ">
    <subfield code="a">Ryrie, Charles Caldwell, </subfield>
    <subfield code="d">1925-2016</subfield>
  </datafield>
  <datafield tag="245" ind1=" " ind2=" ">
    <subfield code="a">The Ryrie study Bible : </subfield>
    <subfield code="b">New Testament with introductions, annotations, outlines, marginal references, subject index, harmony of the gospels /</subfield>
    <subfield code="c">Charles Caldwell Ryrie</subfield>
  </datafield>
  <datafield tag="250" ind1=" " ind2=" ">
    <subfield code="a">New American Standard version</subfield>
  </datafield>
  <datafield tag="260" ind1=" " ind2=" ">
    <subfield code="a">Chicago :</subfield>
    <subfield code="b">Moody press,</subfield>
    <subfield code="c">1976</subfield>
  </datafield>
  <datafield tag="300" ind1=" " ind2=" ">
    <subfield code="a">498p. ;</subfield>
  </datafield>
  <datafield tag="650" ind1=" " ind2=" ">
    <subfield code="a">Bible</subfield>
    <subfield code="v">New Testament</subfield>
  </datafield>
  <datafield tag="942" ind1=" " ind2=" ">
    <subfield code="2">ddc</subfield>
    <subfield code="c">REF</subfield>
    <subfield code="n">0</subfield>
  </datafield>
  <datafield tag="999" ind1=" " ind2=" ">
    <subfield code="c">11085</subfield>
    <subfield code="d">11085</subfield>
  </datafield>
  <datafield tag="952" ind1=" " ind2=" ">
    <subfield code="0">0</subfield>
    <subfield code="1">0</subfield>
    <subfield code="2">ddc</subfield>
    <subfield code="4">0</subfield>
    <subfield code="7">0</subfield>
    <subfield code="a">GBC</subfield>
    <subfield code="b">GBC</subfield>
    <subfield code="c">BIB</subfield>
    <subfield code="d">2025-12-02</subfield>
    <subfield code="l">0</subfield>
    <subfield code="o">225.52044 RYR</subfield>
    <subfield code="p">000243</subfield>
    <subfield code="r">2025-12-02 14:49:03</subfield>
    <subfield code="t">c.1</subfield>
    <subfield code="w">2025-12-02</subfield>
    <subfield code="y">REF</subfield>
  </datafield>
</record>
